000 00362nam a2200157Ia 4500
005 20250425161617.0
008 250425s9999 xx 000 0 und d
041 _aeng
082 _aIBM4381
245 0 _aSR20-8571 CICS/DOS VS TERMINAL MANAGEMENT
250 _aS.E.
260 _aS.L.
260 _aSin Pais
_bS.E.
_c1900
942 _c01
010 _a24203
999 _c212546
_d212546